000 00431nam a2200145Ia 4500
008 210210b1983 xxu||||| |||| 00| 0 eng d
082 _a362.7042 ARMI
100 _aARIMPOOR (Joe).
245 _aIndian youth in perspectivea research study.
260 _aTirupattur.
_bDepartment of Social Work, Sacred Heart College.,
_c1983
300 _axv,322
650 _aRegionalism Caste
690 _aSocial Welfare
906 _aSG03111
999 _c113940
_d113940